Największe miasta Europy (bez TOP 5 krajów) - Statystyki

Ogólne statystyki
  • Ten quiz został rozwiązany 61 razy
  • Średni wynik to 12 z 15
Statystyki odpowiedzi
Populacja Miasto % Poprawnych
1 863 845 PL Warszawa
98%
2 952 301 UA Kijów
96%
1,397,880 CZ Praga
96%
1 723 836 HU Budapeszt
95%
1 716 983 RO Bukareszt
95%
3 266 126 ES Madryt
91%
1,291,591 BG Sofia
91%
2 005 760 AT Wiedeń
91%
1,686,208 ES Barcelona
89%
1 995 471 BY Mińsk
88%
1,421,125 UA Charków
75%
984,748 SE Sztokholm
61%
1,010,537 UA Odessa
52%
968,502 UA Dniepr
41%
1 166 763 RS Belgrad
39%
Nie znaleziono quizów pasujących do podanych kryteriów
Rozkład punktacji
Procent ludzi z każdym wynikiem
Percentyl według liczby udzielonych odpowiedzi
Twoja historia wyników
Nie rozwiązałeś tego quizu